| 000 | 00886nam a2200205Ia 4500 | ||
|---|---|---|---|
| 003 | IN-BaIIA | ||
| 008 | 211028s9999 xx 000 0 eng d | ||
| 040 | _cIIA Library | ||
| 080 |
_a063:53 _bENF-23 |
||
| 111 |
_aInternational School of Physics 'Enrico Fermi" Course _cVarenna Sul Lago di Como, Villa Monastero _d1961 Aug. 7-26 _94660 |
||
| 245 | 0 |
_aNuclear physics _bproceedings of the international school of Physics "Enrico Fermi" course held in Varenna Sul Lago di Como, Villa Monastero, August 7-August 26 1961 _cedited by Weisskopf V.F. |
|
| 260 |
_aNew York _bAcademic Press _c1963 |
||
| 300 | _a186p. | ||
| 490 | _aProceedings of the International School of Physics Enrico Fermi Course; v. 23 | ||
| 650 | _aAstronomy and Astrophysics thesaurus | ||
| 650 |
_aHigh energy physics _92205 |
||
| 650 |
_aNuclear physics _91527 |
||
| 700 |
_aWeisskopf, V.F., ed. _93833 |
||
| 942 | _cBK | ||
| 999 |
_c2624 _d2624 |
||